Historical Timeline of Portugal - Statistics

General Stats
  • This quiz has been taken 155 times
  • The average score is 9 of 14
Answer Stats
Year Hint Answer % Correct
27 BC R____ Empire Roman Empire
97%
218 BC R____ Republic Roman Republic
97%
1093 County of P_______ County of Portugal
93%
1193 Kingdom of P_______ Kingdom of Portugal
93%
418 Visi______ Kingdom Visigothic Kingdom
69%
718 Kingdom of Ast_____ Kingdom of Asturias
67%
910 Kingdom of L___ / Galicia Kingdom of Leon / Galicia
66%
Emirate of C______ Emirate of Cordoba
59%
U______ Caliphate Umayyad Caliphate
58%
Almor____ Dynasty Almoravid Dynasty
38%
Almoh__ Caliphate Almohad Caliphate
37%
409 Kingdom of the Sue__ Kingdom of the Suebi
33%
First T____ Period First Taifa Period
28%
Second T____ Period Second Taifa Period
28%
No matching quizzes found
Score Distribution
Percent of People with Each Score
Percentile by Number Answered
Your Score History
You have not taken this quiz